000
00319nam a22001337a 4500
008
180316b xxu||||| |||| 00| 0 eng d
020
_a
0849324440
041
_a
eng
080
_a
R 004
100
_a
39
101
_a
REF
245
_a
The computer and information science and technology
_c
South,D.W
942
_2
udc
_c
BK
999
_c
45252
_d
45252